| 000 | 00561 a2200205 4500 | ||
|---|---|---|---|
| 005 | 20260407143050.0 | ||
| 008 | 260407b |||||||| |||| 00| 0 eng d | ||
| 020 |
_a9789387295179 _cRs. 1595.00 |
||
| 040 | _aMAIN | ||
| 082 |
_a301.072 _bT343R |
||
| 100 | _aTherborn, Andy | ||
| 245 | _aResearch methods in anthropology: Qualitative and quantitative approaches | ||
| 260 |
_bAmiga Press _c2019 _aDelhi |
||
| 300 | _aviii, 232 | ||
| 650 | _aSocial Sciences | ||
| 650 | _aSociology | ||
| 650 | _aAnthropology | ||
| 650 | _aResearch Methods | ||
| 942 | _cBK | ||
| 999 |
_c396894 _d396894 |
||